People on AI-Generated Images - Statistics

General Stats
  • This quiz has been taken 807 times
  • The average score is 12 of 20
Answer Stats
Picture Answer % Correct
{Michael Jackson} seeing the view
99%
{Usain Bolt} doing a backflip
93%
{Tom Hanks} drinking water
88%
{Stephen Hawking} smelling a flower
87%
{Martin Luther King} smoking a pipe
83%
{Bill Clinton} sketch
79%
{Dwayne Johnson} running
77%
{David Beckham} sleeping
69%
{Elon Musk} riding a horse
67%
{Justin Trudeau} anime version
63%
{Bob Marley} watching TV
62%
{J.K. Rowling} crying
51%
{Vlad Dracula} being hypnotized
51%
{Salvador Dalí} listening to music
48%
{Malala Yousafzai} climbing a mountain
47%
{Marie Curie} sleepwalking
44%
{Eminem} driving
37%
{Frida Kahlo} on Minecraft
32%
{Gal Gadot} in the hospital
30%
{Axl Rose} on the beach
20%
No matching quizzes found
Score Distribution
Percent of People with Each Score
Percentile by Number Answered
Your Score History
You have not taken this quiz